LEADER 00902nam a2200217 i 4500 001 000000146838 003 CaOOAMICUS 005 20161206000000.0 008 161206s1769 it u000 u ita u 013 $a123754 026 $at'al lim- e.r- glal (3) 1769 (R) 040 $aSeMil$bita 245 10$aParte 1. 300 $a355, [1] p. 500 $aFront. stampato in rosso e nero. - Segn. : A-X8 Y10. 773 0 $aGenovesi, Antonio <1713-1769>$tLezioni di commercio o sia d'economia civile dell'ab. Antonio Genovesi regio cattedratico di Napoli. Parte 1. [-2.].$bEdizione novissima accresciuta di varie aggiunte dell'autore medesimo.$dBassano : A spese Remondini, 1769.$g1$w()5324 850 $aSeMil 852 $aSeMil$W1$xVenegono$y1$m3N II 40 FA$j99453$B99453$CSeMilBibl$Z2$F214923 $8I 941 1 $a10 961 $aRecupero: Mantegazza 996 $6245$aParte 1$9(OLS)http://semarc/title/49080 LEADER 01588nam a2200277 i 4500 001 000000030337 003 CaOOAMICUS 005 20200428111614.0 008 180830s1768 it u000 u ita u 040 $aSeMil$bita 100 1 $aAtto : Vercellensis.$0(OLS)http://semarc/name/13933 245 10$aAttonis sanctae Vercellarum ecclesiae episcopi Opera ad autographi Vercellensis fidem nunc primum exacta. Praefatione, et commentariis illustrata a d. Carolo Burontio del Signore ... ejusdemque editoris cura emendatissima. Pars 1. [-2.]. 264 1$aVercellis :$bEx Typographia Joseph Panialis,$c1768. 300 $a2 v. ;$cfol. 500 $aFront. stampati in rosso e nero 500 $aLegati insieme i 2 vol. 500 $aIniz., fregi xilogr. 500 $aMarca calcogr. non censita sui front. (Una mano alata regge tre spighe davanti al sole nascente. Motto: Inceptis si Phoebus adest, labor omnia vincet) 546 $aCors. ; gr. ; rom. 700 1 $aBuronzo del Signore, Carlo Luigi <1731-1806>.$0(OLS)http://semarc/name/13932 700 1 $aPanialis, Giuseppe,$c.$0(OLS)http://semarc/name/6940 774 0 $tPars 1.$w()231957 774 0 $tPars 2.$w()231960 996 $6245$aAttonis sanctae Vercellarum ecclesiae episcopi Opera ad autographi Vercellensis fidem nunc primum exacta. Praefatione, et commentariis illustrata a d. Carolo Burontio del Signore ... ejusdemque editoris cura emendatissima. Pars 1. [-2.]$9(OLS)http://semarc/title/41283 996 $6264$aVercellis :$bEx Typographia Joseph Panialis$9(OLS)http://semarc/publisher/38492